000 00353nam a2200145Ia 4500
008 230917s9999||||xx |||||||||||||| ||und||
040 _e87832
_aMAIN
041 _aEnglish
082 _a005.133 J994F
100 _aJeyapoovan, T
245 0 _aFirst course in programming with C
260 _aNew Delhi
_bVikas
_c2002
300 _av. p.
942 _cBK
999 _c109170
_d109170